000 00331nam a2200121Ia 4500
008 240731s9999 xx 000 0 und d
022 _a2231-1874
245 0 _aJournal of Biologically Active Products from Nature
260 _bTaylor & Francis
856 _uhttps://www.tandfonline.com/loi/tbap20
942 _2ddc
942 _cTFEJ
999 _c77478
_d77478
945 _a1
_bMadushi Gamage
_c1
_dMadushi Gamage